Teoria de las pruebas en derecho civil

Salvato in:
Dettagli Bibliografici
Autore principale: Lessona, Carlos (Autore)
Natura: Libro
Lingua:spagnolo
Pubblicazione: Ciudad de México Jurídica Universitaria 2001
Serie:Clásicos del Derecho Probatorio, 2
Soggetti:
Tags: Aggiungi Tag
Nessun Tag, puoi essere il primo ad aggiungerne!!

MARC

LEADER 00000nam a2200000 a 4500
001 UCI4176
003 CL-VaPUC
008 071228e20010000MX |||||||||||||||||spa|d
020 |a 9968380830 Serie Completa 
020 |a 9968380245 
082 0 4 |a 347.06  |b LES  |2 21 
100 |a Lessona, Carlos  |e author  |9 403313 
245 1 0 |a Teoria de las pruebas en derecho civil 
300 |a 930 p 
942 |c BK 
945 |d 20071228 00:00:00  |a rbrito 
260 |a Ciudad de México  |b Jurídica Universitaria  |c 2001 
650 0 |a Prueba  |9 256247 
650 0 |a Apreciación de la prueba  |9 254854 
650 7 |a PRUEBA PENAL  |2 CL-VaPUC  |9 256157 
650 7 |a PERITAJE  |2 CL-VaPUC  |9 460010 
650 7 |a PRUEBA PERICIAL  |2 CL-VaPUC  |9 258499 
650 0 |a Prueba testimonial  |9 370024 
650 7 |a MEDIOS DE PRUEBA  |2 CL-VaPUC  |9 384094 
650 0 |a Derecho procesal penal  |9 255496 
583 |a last modification  |c 20071228 00:00:00  |k Rodrigo Vera 
490 0 |a Clásicos del Derecho Probatorio, 2 
999 |c 328158  |d 328156 
952 |0 0  |1 0  |4 0  |6 347_060000000000000_LES_2001  |7 0  |8 A  |9 411950  |a BIBDER  |b BIBDER  |d 2019-11-22  |i 4398769  |l 2  |o 347.06 LES 2001  |p 4398769  |r 2024-10-30  |s 2024-10-30  |w 2019-11-22  |y BK  |k DER